Southernmost U.S. States by Letter - Statistics

General Stats
  • This quiz has been taken 71 times
  • The average score is 17 of 19
Answer Stats
Letter Southernmost Point U.S. State % Correct
A 30.2° N Alabama
98%
F 24.5° Florida
97%
L 28.9° Louisiana
97%
G 30.4° Georgia
95%
C 32.5° California
94%
D 38.5° Delaware
94%
H 18.9° Hawaii
94%
K 36.5° Kentucky
92%
M 30.2° Mississippi
89%
U 37° Utah
89%
I 37° Illinois
88%
T 25.8° Texas
88%
N 31.3° New Mexico
86%
R 41.1° Rhode Island
85%
O 33.6° Oklahoma
83%
P 39.7° Pennsylvania
83%
V 36.5° Virginia
83%
S 32° South Carolina
79%
W 37.2° West Virginia
73%
No matching quizzes found
Score Distribution
Percent of People with Each Score
Percentile by Number Answered
Your Score History
You have not taken this quiz